Cá kinh tế nước ngọt ở Việt Nam
Sách cung cấp những hiểu biết về hình dạng, nơi phân bố, tập tính, sự sinh trưởng, thức ăn, sinh sản, bệnh,... của các loài cá kinh tế nước ngọt của Việt Nam.
সংরক্ষণ করুন:
| প্রধান লেখক: | |
|---|---|
| বিন্যাস: | গ্রন্থ |
| ভাষা: | Undetermined |
| প্রকাশিত: |
Hà Nội
Khoa học và Kỹ thuật
1983
|
| বিষয়গুলি: | |
| ট্যাগগুলো: |
ট্যাগ যুক্ত করুন
কোনো ট্যাগ নেই, প্রথমজন হিসাবে ট্যাগ করুন!
|
| Thư viện lưu trữ: | Trung tâm Học liệu Trường Đại học Cần Thơ |
|---|
| LEADER | 00835nam a2200217Ia 4500 | ||
|---|---|---|---|
| 001 | CTU_14440 | ||
| 008 | 210402s9999 xx 000 0 und d | ||
| 082 | |a 639.31 | ||
| 082 | |b Y603 | ||
| 100 | |a Mai, Đình Yên | ||
| 245 | 0 | |a Cá kinh tế nước ngọt ở Việt Nam | |
| 245 | 0 | |c Mai Đình Yên | |
| 260 | |a Hà Nội | ||
| 260 | |b Khoa học và Kỹ thuật | ||
| 260 | |c 1983 | ||
| 520 | |a Sách cung cấp những hiểu biết về hình dạng, nơi phân bố, tập tính, sự sinh trưởng, thức ăn, sinh sản, bệnh,... của các loài cá kinh tế nước ngọt của Việt Nam. | ||
| 650 | |a Fish,Freshwater fishes | ||
| 650 | |x Culture | ||
| 650 | |z Vietnam | ||
| 904 | |i Minh | ||
| 980 | |a Trung tâm Học liệu Trường Đại học Cần Thơ | ||